000 00622nam a2200241Ia 4500
003 OSt
005 20221007071410.0
006 a|||||r|||| 00| 0
007 ta
008 221006b |||||||| |||| 00| 0 eng d
024 _a15,945
037 _cTextual
040 _aFLL
_cFLL
_beng
041 _2eng
_aeng
082 _aX722:Z3, J7;K8
100 _aBeattie C.N.
_9129740
245 0 _aElements of estat duty
250 _a6th
260 _aLondon
_bButterworths London
_c1968
300 _axxx,188p
_ccm.
942 _hX722:Z3, J7;K8
_cTEXL
_2CC
999 _c1143233
_d1143233